000 00699nam a2200169 a 4500
008 120416s0000 ||||||||||||||||| || u
020 _a0844232920
050 _aHF 5825 Bur
100 _aBurton, Philip Ward
245 1 0 _aWhich Ad pulled best?
250 _a6th ed.
260 _aLincolnwood
_bNTC Business Books
_c1991
300 _axv, 140p. : ill.
350 _a0.00
995 _aMAIN LIBRARY OPEN ACCESS
_D0.00
_e723847
_FCBU-MAIN LIBRARY (Kitwe)
_H1
_I0.00
_jHF 5825 Bur
_M2
_ULOST
_WFeb 11, 2008
_y008588
_ZMain Library Open Access Collection
995 _aMAIN LIBRARY OPEN ACCESS
_D0.00
_e007152
_FCBU-MAIN LIBRARY (Kitwe)
_H1
_I0.00
_jHF 5825 Bur
_UAVAILABLE
_y007152
_ZMain Library Open Access Collection
999 _c83116
_d83116